000 01836cam a22004698i 4500
001 953229650
003 OCoLC
005 20210408053506.0
008 160701s2017 nyu 001 0 eng
010 _a 2016030888
016 7 _a101686332
_2DNLM
020 _a9781259642197
_q(pbk. ;
_qalk. paper)
020 _a1259642194
_q(pbk. ;
_qalk. paper)
035 _a(OCoLC)953229650
040 _aDNLM/DLC
_beng
_erda
_cDLC
_dNLM
_dYDX
_dOCLCQ
_dOCLCO
_dOCLCA
042 _apcc
049 _aYYEA
_aVZYM
080 _a616.5
_bF-61
096 _aWR 17 F5595 2017
245 0 0 _aFitzpatrick's color atlas and synopsis of clinical dermatology /
_cKlaus Wolff, Richard A. Johnson, Arturo P. Saavedra, Ellen Roh.
246 3 _aColor atlas and synopsis of clinical dermatology.
250 _a8th ed.
260 _aNew York :
_bMcGraw-Hill Education,
_c[2017]
263 _a1702.
300 _axxi, 927 p. :
_bill. (color pictures) ;
_c23 cm.
365 _b64.26 usd
500 _aIncludes index.
500 _aEINSTEIN & MMC: available online via AccessMedicine. See Reference staff for assistance.
650 2 _aSkin Diseases
_vAtlases.
650 0 _aDermatology
_975
653 _aდერმატოლოგია
653 _aკანის დაავადებები
655 7 _aElectronic books.
700 1 _aWolff, Klaus,
_d1935-
700 1 _aJohnson, Richard Allen.
700 1 _aSaavedra, Arturo P.
700 1 _aRoh, Ellen.
710 2 _aAccessMedicine (Online Service)
856 4 0 _3AccessMedicine
_uhttps://elibrary.einsteinmed.org/login?url=https://accessmedicine.mhmedical.com/book.aspx?bookid=2043
_zEINSTEIN: AccessMedicine ebook collection
856 4 1 _3AccessMedicine
_uhttps://accessmedicine.mhmedical.com/book.aspx?bookid=2043
_zMMC: AccessMedicine ebook collection
942 _2udc
_cBK
_e8
999 _c9
_d9